000 00539nam a2200169 4500
001 131299
003 ES-MaACL
005 20230906193945.0
007 t|
008 070214s1981 sp r ||||1| spa d
100 1 _aRobledo de Pedro, Félix.
_997917
245 1 0 _aAplicación de los plásticos en la agricultura /
_cFélix Robledo de Pedro, Luis Martín Vicente.
260 _aMadrid :
_bMundi-Prensa,
_c1981.
300 _a553 p. :
_bil. ;
_c24 cm.
700 1 _aMartín Vicente, Luis.
_977673
852 _aES-MaACL
_jL-1469
_bR.102214
999 _c131299
_d131299